<?xml version="1.0" encoding="UTF-8"?><collection xmlns="info:lc/xmlns/marcxchange-v2"><record format="Unimarc" type="bibliographic"><leader>00567cam  2200205   450 </leader><controlfield tag="001">1746076</controlfield><controlfield tag="003">http://id.bnportugal.gov.pt/bib/porbase/1746076</controlfield><controlfield tag="005">20030622040000.0</controlfield><datafield ind1=" " ind2=" " tag="010"><subfield code="a">0-06-250373-1</subfield></datafield><datafield ind1=" " ind2=" " tag="035"><subfield code="8">87576</subfield></datafield><datafield ind1=" " ind2=" " tag="095"><subfield code="a">PTBN01015648</subfield></datafield><datafield ind1=" " ind2=" " tag="100"><subfield code="a">19970905d1990    m  y0pory0103    ba</subfield></datafield><datafield ind1="0" ind2=" " tag="101"><subfield code="a">eng</subfield></datafield><datafield ind1=" " ind2=" " tag="102"><subfield code="a">US</subfield></datafield><datafield ind1="1" ind2=" " tag="200"><subfield code="a">&lt;The &gt;way of the shaman</subfield><subfield code="f">Michael Harner</subfield></datafield><datafield ind1=" " ind2=" " tag="210"><subfield code="a">San Francisco</subfield><subfield code="c">Harper</subfield><subfield code="d">cop.1990</subfield></datafield><datafield ind1=" " ind2=" " tag="215"><subfield code="a">XXIV, 171 p.</subfield><subfield code="d">24 cm</subfield></datafield><datafield ind1=" " ind2=" " tag="675"><subfield code="a">316.6</subfield><subfield code="v">med</subfield><subfield code="z">fre</subfield><subfield code="3">290124</subfield></datafield><datafield ind1=" " ind2="1" tag="700"><subfield code="a">Harner</subfield><subfield code="b">Michael J.</subfield><subfield code="3">1409224</subfield></datafield><datafield ind1=" " ind2="0" tag="801"><subfield code="a">PT</subfield><subfield code="b">BN</subfield><subfield code="g">RPC</subfield></datafield><datafield ind1=" " ind2=" " tag="977"><subfield code="1">PROC/SOC 6468</subfield><subfield code="2">coop</subfield><subfield code="4">ULFP</subfield><subfield code="6">mq1766055</subfield><subfield code="7">i</subfield><subfield code="8">coop</subfield><subfield code="9">ULFP</subfield><subfield code="b">6468</subfield><subfield code="k">0</subfield></datafield><datafield ind1=" " ind2=" " tag="998"><subfield code="a">LFP15-358</subfield></datafield></record></collection>